Представление документа в формате RUSMARC

ПолеНазваниеЗначение
  Тип записи a
  Библиографический уровень a
001 Контрольный номер RU/УОНБ/EK_Kray/381950198
005 Дата корректировки 20240131004933.8
100 Данные общей обработки __
a Данные общей обработки 20120207d2012 ||| 0rusy0189 ca
101 Язык документа 0_
a Язык текста rus
102 Страна публикации __
a Страна публикации RU
105 Кодированные данные (монография) __
a Кодированные данные (монография) y###||||000|y
200 Заглавие и сведения об ответственности 1_
a Заглавие Обязанности по благоустройству территории будут закреплены законодательно
e Сведения, относящиеся к заглавию в 2011 году только на ремонт дворцовых территорий из федерального бюджета было направлено 22,7 миллиарда рублей
f Первые сведения об ответственности Владимир Путин
215 Физическое описание __
c Иллюстрации/тип воспроизводства 1 портр.
327 Примечание о содержании __
a Примечание о содержании Публ. по стеногр. и в сокр.
330 Аннотация __
a Аннотация Есть сведения по Ульяновской области.
461 Уровень набора _0
1 2000
a Муниципальная власть
1 011
463 Уровень физической единицы _0
1 001RU/УОНБ/EK_Kray/381949367
1 2000
a № 6
v С. 4-5
1 210
d 2011
610 Ключевые слова 0_
a Ключевые слова благоустройство населенных мест
686 Индексы других классификаций __
a Классификационный индекс 67.611.4
2 Код системы rubbk
700 Автор _1
a Фамилия Путин
b Имя (инициалы) В.
g Полное личное имя Владимир
4 Код отношения 070
801 Источник записи _0
a Страна RU
b Организация Ульяновская ОНБ
c Дата составления 20120207
g Правила каталогизации RCR
801 Источник записи _1
a Страна RU
b Организация Ульяновская ОНБ
c Дата составления 20120207
g Правила каталогизации RCR
901 Тип документа __
t Тип документа b
w Контрольный № источника RU/УОНБ/EK_Kray/381949367
909 Создатель записи __
a Создатель записи Деричева
938 Служебная информация __
a Имя БД kraeved_work
b Имя библиотеки УОНБ
c Имя АИБС МАРК-SQL
d Номер DOC_ID в БД 81680